000 00507nam a2200193Ia 4500
003 GCL
008 140319s9999 xx 000 0 eng d
040 _aGCL /
_cGCL
082 0 4 _aCC
_b932
_bC A
100 1 _aCASSON, LIONEL
245 1 0 _aANCIENT EGYPT /
_cCASSON, LIONEL
260 _aنيويورك :
_bTIME INCORPORATED ،
_c1965
300 _a24 CM ؛
_c192 P
650 0 4 _aANCIENT EGYPT
650 0 4 _aEGYPTOLOGY
650 0 4 _aEGYPT - HISTORY
650 0 4 _aEGYPT - CIVILIZATION
942 _2ddc
_cBK
999 _c19894
_d19894